Official guide to the Smithsonian National Museum of Natural History. (Registro nro. 5100)

Detalles MARC
000 -CABECERA
Campo de control 01600cam a2200289 i 4500
005 - FECHA Y HORA DE LA ULTIMA TRANSACCION
Campo de control 20160119043333.0
008 - ELEMENTOS DE LONGITUD FIJA—INFORMACION GENERAL
Campo de control 150326s2004 dcua 000 0 eng c
015 ## - NATIONAL BIBLIOGRAPHY NUMBER
National bibliography number GBA4Y2977
Source bnb
020 ## - ISBN
ISBN 1588341097
020 ## - ISBN
ISBN 9781588341099
040 ## - FUENTE DE CATALOGACIÓN
Agencia catalogadora original DLC
Agencia transcriptora YUS
Agencia Modificadora DLC
-- YDX
-- BTCTA
-- UKM
-- BDX
-- OCLCF
-- OCLCA
-- OCLCQ
-- DLC
-- CO-BoIAVH
041 ## - IDIOMA
Código de idioma para texto/pista de sonido o título separado Inglés
042 ## - AUTHENTICATION CODE
Authentication code pcc
043 ## - GEOGRAPHIC AREA CODE
Geographic area code n-us-dc
082 04 - NUMERO DE CLASIFICACION DECIMAL DEWEY
Número de clasificación 002.074
Número del ítem O32o
245 00 - MENCION DE TITULO
Título Official guide to the Smithsonian National Museum of Natural History.
260 ## - PUBLICACION, DISTRIBUCION, ETC. (PIE DE IMPRENTA)
Lugar de publicación, distribución, etc. Washington [D.C.] :
Nombre del editor, distribuidor, etc. Smithsonian Books,
Fecha de publicación, distribución, etc. c2004.
300 ## - DESCRIPCION FISICA
Extensión vii, 158 paáginas :
Otros detalles físicos ilustraciones a color ;
Dimensiones 24 cm.
505 00 - NOTA DE CONTENIDO
Title Welcome to the Museum. -- National Museum of Natural History: Where Wonders Never Cease. -- The Architecture of Excellence. -- Once Upon a Museum. -- Building the Collections. -- Spencer Fullerton Baird: The Passionate Collector. -- Outgrowing the Attic. -- Collecting for the Future. -- Learning from the Collections. -- Why Do We Need So Many Beetles?. -- The Museum Today,
520 ## - NOTA DE RESUMEN, ETC.
Nota de resumen Presenta una guía ilustrada para el Museo Nacional de Historia Natural en Washington DC, e incluye más de doscientas fotografías a color de mamíferos, fósiles, gemas y minerales, y las culturas antiguas del mundo.
610 2# - ASIENTO SECUNDARIO DE MATERIA - NOMBRE CORPORATIVO
Nombre corporativo o nombre de la jurisdicción como elemento de entrad Museo Nacional de Historia Natural (EE.UU.)
Subdivisión de forma Guías.
9 (RLIN) 52697
610 27 - ASIENTO SECUNDARIO DE MATERIA - NOMBRE CORPORATIVO
Nombre corporativo o nombre de la jurisdicción como elemento de entrad Museo Nacional de Historia Natural (EE.UU.)
9 (RLIN) 52698
650 14 - ASIENTO SECUNDARIO DE MATERIA - TERMINO TEMATICO
Término temático o nombre geográfico como elemento de entrada Museos de historia natural
Subdivisión geográfica Washington (D.C.)
Subdivisión de forma Guías.
9 (RLIN) 52699
650 24 - ASIENTO SECUNDARIO DE MATERIA - TERMINO TEMATICO
Término temático o nombre geográfico como elemento de entrada Museos de historia natural
9 (RLIN) 52700
710 2# - ASIENTO SECUNDARIO - NOMBRE CORPORATIVO
Nombre corporativo o de jurisdicción como elemento de entrada Smithsonian Institution.
9 (RLIN) 12511
942 ## - ELEMENTOS ADICIONALES (KOHA)
Sistema de clasificación Dewey Decimal Classification
Tipo de ítem Libro
Existencias
Withdrawn status Lost status Sistema de Clasificación Damaged status No para préstamo Colección Inventariado Ubicación Permanente Ubicación actual Fecha de adquisición Fuente de Valor Valor Total Checkouts Número topográfico Inventario / Código de Barras Date last seen Date checked out Ejemplar Price effective from Forma de adquisición Tipo de material
    Dewey Decimal Classification     General Inventariado 2017 Bogotá Bogotá 06/01/2006 Instituto 39000.00 1 LB-002.074 O32o 022775 02/05/2018 17/04/2018 Ej. 1 04/12/2012   Libro